000 00676nam a2200193 i 4500
001 170856
003 ES-MaACL
005 20250808062749.0
008 090413s1956 sp |||| | spa d
245 0 0 _aCatecismo romano /
_ctraducción, introducciones y notas de Pedro Martín Hernández.
260 _aMadrid :
_bLa Editorial Católica,
_c1956.
300 _aLX, 1053 p. ;
_c20 cm.
490 1 _aBiblioteca de autores cristianos ;
_v158
546 _aTexto en latín y traducción española.
700 1 _aMartín Hernández, Pedro.
_9139771
830 0 0 _aBiblioteca de autores cristianos
_v158
_9178679
852 _aES-MaACL
_jJ-156
_9R.46092
999 _c170856
_d170856